Ηλίας Κ. Αλεξόπουλος : ο επιστήμονας, ο ποιητής και το έργο του

Αποθηκεύτηκε σε:
Λεπτομέρειες βιβλιογραφικής εγγραφής
Συγγραφή απο Οργανισμό/Αρχή: Εταιρεία Ευρυτάνων Επιστημόνων
Μορφή: Βιβλίο
Γλώσσα:Greek
Δημοσίευση: [Αθήνα] : Ντουντούμης, [2008]
Θέματα:
Ετικέτες: Προσθήκη ετικέτας
Δεν υπάρχουν, Καταχωρήστε ετικέτα πρώτοι!

MARC

LEADER 00000cam a2200000 i 4500
001 1/96747
008 081106s2008 gre d
020 |a 978-960-419-097-3 
035 |l 10101456 
040 |a GR-MY-UA  |b gre  |e aacr 
041 0 |a gre 
082 0 |a 509.22495  |2 (22) 
110 2 |a Εταιρεία Ευρυτάνων Επιστημόνων. 
245 1 0 |a Ηλίας Κ. Αλεξόπουλος :  |b ο επιστήμονας, ο ποιητής και το έργο του /  |c Εταιρεία Ευρυτάνων Επιστημόνων 
260 |a [Αθήνα] :   |b Ντουντούμης,   |c [2008] 
300 |a 79 σ.;  |b φωτ.;  |c 23 εκ. 
500 |a Το έργο αποτελεί το 21ο τεύχος των εκδόσεων της Εταιρείας Ευρυτάνων Επιστημόνων 
500 |a Υπό του τίτλου: "Τιμητική διάκριση από την Εταιρεία Ευρυτάνων Επιστημόνων (9 Ιουνίου 2006)" 
504 |a Περιλαμβάνει βιβλιογραφίες 
600 1 0 |a Αλεξόπουλος, Ηλίας Κ.,   |d 1971-2004. 
650 0 0 |a Scientists  |x Biography. 
650 0 0 |a Poets, Greek  |x Biography. 
852 |a INST  |b RHODES  |e 20081106  |h 509.22495 ΕΤΑ  |p 005400031166  |q 005400031166  |t BK  |y 0 
852 |a INST  |b RHODES  |e 20081106  |h 509.22495 ΕΤΑ  |p 005400031172  |q 005400031172  |t BK  |y 0 
901 |a BIBL4-2008-3 
909 |a Ρ  |b 153528 
909 |a Ρ  |b 153517 
970 |a ΧΑΡΙΟΠΟΛΙΤΟΥ  |b ΚΩΝΣΤΑΝΤΙΝΑ  |z 2008/11/06